00642 2200193 4500001002100000005001700021008004100038035002400079082001200103090001800115100002400133245010000157260008100257300003000338650003000368700002800398990001100426990001100437YOGYA-0512000000050820120521211702.0 ind  0010-051200000000508 a899.221 a899.221 Yas M aYASADIPURA I, R.Ng. aMenak Ngajrakcoleh R. Ng. Yasadipura I ; alih aksara dan alih bahasa, Sudibjo Z. Hadisutjipto. aJakartabProyek Penerbitan Buku Sastra Indonesia dan Daerah Depdikbudc1982. a216 hlm.c21 cm. (2 eks.) aKesusastraan Jawa-tembang aHadisucipto, Sudibyo Z. a1706-A a1705-A